| 000 | 00355nam a2200145Ia 4500 | ||
|---|---|---|---|
| 008 | 150201s1989 xx 000 0 und d | ||
| 082 |
_a200 _bM1998S |
||
| 100 | _aSWAMI RAM | ||
| 245 | _aMEDITATION IN SIKHISM | ||
| 250 | _a1ST | ||
| 260 |
_bHIMALAYA INTERNATIONAL PUB. _aDELHI _c1989 |
||
| 300 | _a1-138 | ||
| 650 | _aGENERAL DENTISTRY | ||
| 942 |
_2ddc _cBK |
||
| 999 |
_c3621 _d3621 |
||